000 00344nam a2200133Ia 4500
008 240624s9999 xx 000 0 und d
041 _aeng
082 _a338.9 SEN
100 _aSEN AMARTYA
245 _aDEVELOPMENT AS FREEDOM
260 _c2011
_aNew Delhi
_bOxford University Press
300 _axvi, : 366 : p. : cm. ; 21
365 _cRS
_b32
999 _c18932
_d18932